00474nmm a2200157Ia 4500008004100000020001800041041000800059100002700067245004400094264005800138300001800196650002700214856005100241942000700292999001700299251105s9999||||xx |||||||||||||||||und|| a9789875914438 aspa aAudisio, Nelson José 0aLa familia hoy, ¿una empresa mañana? a[Buenos Aires, Argentina] :bEditorial Brujas, c2014 a246 páginas aEconomics and Business uhttps://public.digitaliapublishing.com/a/35415 cCF c97489d97489